000
00419nam a2200145Ia 4500
008
090122s9999 xx 000 0 und d
082
_b
8682
_a
181.4
100
_a
घैसास
_b
दिवाकर
_c
अनंत
245
_a
भक्तिगीता
600
_a
घैसास
630
_a
भक्तिगीता
700
_a
घैसास
730
_a
भक्तिगीता
942
_c
BOOK
999
_c
32759
_d
32759